000 00302nam a22001337a 4500
008 170309b xxu||||| |||| 00| 0 eng d
020 _a9780803607101
041 _aeng
080 _23ED
_a611
100 _a6
101 _aSHM
245 _aJOINT STRUCTURE AND FUNCTION
_cLEVANGIE.P.K
942 _2udc
_cBK
999 _c7265
_d7265